LEADER 02175nam0 22004813i 450 001 SBL0368358 005 20251003044353.0 020 $aIT$b71-1435 100 $a19910930d1970 ||||0itac50 ba 101 | $aita$cger 102 $ait 181 1$6z01$ai $bxxxe 182 1$6z01$an 183 1$6z01$anc$2RDAcarrier 200 1 $aConsigli di fabbrica e socializzazione$fKarl Korsch 210 $aBari$cLaterza$dstampa 1970 215 $aVI, 262 p.$d18 cm 225 | $aTempi nuovi$v37 300 $aTrad. di Giorgio Backhaus. 410 0$1001CFI0027085$12001 $aTempi nuovi$v37 500 10$aSchriften zur Sozialisierung.$3LIA0026224$9RAVV028480$92965076 606 $aConsigli di fabbrica$2FIR$3CFIC030347$9I 676 $a331.8$9Sindacati, contrattazione e controversie collettive$v14 676 $a331.88$9SINDACATI$v23 676 $a331.880943$9SINDACATI. GERMANIA$v21 676 $a331.88171$9SINDACATI. INDUSTRIA METALLURGICA$v20 676 $a331.890943$9CONTRATTAZIONE E CONTROVERSIE COLLETTIVE. Germania$v22 676 $a335.430943$9COMUNISMO (MARXISMO-LENINISMO). GERMANIA$v20 686 $aX141.3$cMOVIMENTO COMUNISTA INTERNAZIONALE$2R 700 1$aKorsch$b, Karl$f <1886-1961>$3RAVV028480$4070$01106786 702 1$aBackhaus$b, Giorgio$3RAVV027424$4730 801 3$aIT$bIT-000000$c19910930 850 $aIT-BN0095 $aIT-SA0252 $aIT-AV0007 $aIT-NA0581 $aIT-NA0230 901 $bNAP 83$cIAN $n$ 901 $bNAP IR$cFGDC $n$ 901 $bNAP AV$cSULLO $n$ 901 $bNAP FC$cFONDO $n$ 901 $bNAP 01$cPOZZO LIB.$nVi sono collocati fondi di economia, periodici di ingegneria e scienze, periodici di economia e statistica e altri fondi comprendenti documenti di economia pervenuti in dono. 912 $aSBL0368358 950 0$aBiblioteca Centralizzata di Ateneo$c1 v.$d 01POZZO LIB.F. SANTI 699$e 0101 0060034285E VMA 1 v. (Precedente collocazioni S 625)$fB $h20221118$i20221118 977 $a 01$a 83$a AV$a FC$a IR 996 $aSchriften zur Sozialisierung$92965076 997 $aUNISANNIO